000 00791nam a2200229 a 4500
001 000035261
005 20200930074219.0
008 111026s1966 sp 000 0 spa d
040 _aDO-SdBNP
_bspa
_cBNPHU
082 _axxxx
_bK811f
100 1 _aKołakowski, Leszek
_944706
240 1 0 _aDie philosophie des positivismus
_lEspañol
245 1 3 _aLa filosofía positivista :
_bciencia y filosofía /
_cLeszek Kolakowski ; traducción de Genoveva Ruiz-Ramón ;.
250 _a2a ed.
260 _aMadrid :
_bEdiciones Cátedra,
_c1966.
300 _a262 p. ;
_c19 cm.
490 1 _aTeorema
500 _aTraducido del inglés
590 _aPertenció a la biblioteca personal de Juan Isidro Jimenes Grullón
700 1 _aRuiz-Ramón, Genoveva,
_etr.
_961017
830 0 _aTeorema
_960213
999 _c34752
_d34752